LEADER 02129nam0 2200457 i 450 001 BVE0006916 005 20251003044049.0 010 $a8823800951 100 $a20140607d1991 ||||0itac50 ba 101 | $aita 102 $ait 181 1$6z01$ai $bxxxe 182 1$6z01$an 200 1 $aˆL'‰organizzazione della piccola impresa$enascita e sviluppo delle imprese minori$fPaolo Preti 210 $aMilano$cEGEA$d© 1991 215 $aXIII, 249 p.$d24 cm. 225 | $aBiblioteca dell'economia d'azienda$v13 410 0$1001CFI0128567$12001 $aBiblioteca dell'economia d'azienda$v13 606 $aImprese$xOrganizzazione$2FIR$3CFIC013174$9E 606 $aPiccole imprese$xOrganizzazione$2FIR$3CFIC059145$9I 676 $a658$9GESTIONE IN GENERALE$v12 676 $a658$9GESTIONE IN GENERALE$v21 676 $a658.02$9GESTIONE GENERALE. PICCOLE IMPRESE$v14 676 $a658.022$9Gestione generale di piccole imprese.$v19 676 $a658.022$9GESTIONE DI PICCOLE IMPRESE$v21 696 $aOrganizzazione 696 $aOrganizzazione 699 $aOrganizzazione$zOrganizzazione 699 $aOrganizzazione$zOrganizzazione 700 1$aPreti$b, Paolo$3CFIV112401$4070$0115261 801 3$aIT$bIT-000000$c20140607 850 $aIT-BN0095 $aIT-AV0007 $aIT-NA0457 $aIT-NA0070 901 $bNAP BU$c20 B $nPropedeutica. Formato cm. 20,1-28. 901 $bNAP BI$cSALA 4 $nLibri da 3786 a 4150 901 $bNAP AV$cSEZ. M $nSezione Moderna 901 $bNAP 01$cPOZZO LIB.$nVi sono collocati fondi di economia, periodici di ingegneria e scienze, periodici di economia e statistica e altri fondi comprendenti documenti di economia pervenuti in dono. 912 $aBVE0006916 950 0$aBiblioteca Centralizzata di Ateneo$c1 v.$d 01POZZO LIB.ECON MON 8728$e 0101 0000114555E VMA 1 v. (precedente collocazione: GUERRAZZI B 1805)$fB $h20091229$i20091229 977 $a 01$a AV$a BI$a BU 996 $aOrganizzazione della piccola impresa$961116 997 $aUNISANNIO